| 000 | 01097nam a2200241Ia 4500 | ||
|---|---|---|---|
| 003 | Ost | ||
| 005 | 20260507075417.0 | ||
| 008 | 260507s9999||||xx |||||||||||||| ||und|| | ||
| 020 | _a40519599579 | ||
| 040 | _cfsecg | ||
| 041 | _aara | ||
| 082 | _a330 | ||
| 100 |
_aالموسوي، صفاء عبد الجبار _eمؤلف |
||
| 245 | 0 |
_aالتضخم الإقتصادي والتنمية السياحية / _c صفاء عبد الجبار الموسوي |
|
| 260 |
_aعمان: _bدار الايام, _c2014 |
||
| 300 |
_a202 صفحة؛ _bإيضاحات ؛ _c24 سم |
||
| 504 | _aالمراجع ص.189 | ||
| 520 | _aيتضمن التضخم الاقتصادي، التنمية السياحية، التضخم السياحي، و الأثار التضخم السياحي والإنعكاساته ، إنعكاسات التضخم الإقتصادي والسياحي على التنمية السياحية في العلاق وكربلاء. | ||
| 653 | _aالأزمات الإقتصادية | ||
| 653 | _aالتضخم المالي | ||
| 653 | _aتنمية السياحة | ||
| 942 | _cكتاب | ||
| 999 |
_c44449 _d44449 |
||